000 01181cab a2200229 4500
001 ABS50301
008 090401t1994 xxu||||| |||| 00| 0 eng d
035 _a(Sirsi) u75170
041 _aeng
245 _aElectronics industry
260 _c1994
350 _a0
490 _aEstates Times
_v(1227) 25 March 1994, 32-36(5)
520 _aDescribes the UK electronic industry which is at the forefront of growth, expecting a 2% increase in 1994. Focuses on property activity in the electronics, telecommunications and computing sector which is dominated by the south-east, with few large deals north of Watford; many deals are for companies relocating locally. Predicts that the leaner 1990s will demand wider and better use of information technology, and looks at the development of new products which would bring expansion to both hardware and software production in the UK. Also examines the French market.
650 _aCOMPUTING INDUSTRY
650 _aELECTRONICS INDUSTRY
650 _aTELECOMMUNICATIONS INDUSTRY
690 _aPROPERTY-COMMERCIAL PROPERTY
690 _aMANAGEMENT-BUSINESS MANAGEMENT-INFORMATION MANAGEMENT
942 _n0
948 _c04/03/1997
999 _c47358
_d47358